000 01222nac a22003611i 4500
003 EG-ScBUE
005 20250219093832.0
006 m||||fq||h 00| 0
008 100315t2004 njuab f d 001 0 eng d
020 _a0471237582
020 _a9780471237587
040 _aEG-ScBUE
_beng
_erda
_cEG-ScBUE
_dEG-ScBUE
082 0 4 _a526.9
_bMCC
_222
100 1 _aMcCormac, Jack C.,
_eauthor.
_912678
245 1 0 _aSurveying /
_cJack McCormac, Clemson University.
250 _aFifth edition.
264 1 _aHoboken, N.J. :
_bJohn Wiley & Sons,
_c[2004]
264 4 _cc2004
300 _axvi, 457 pages :
_billustrations, maps ;
_c28 cm
336 _2rdacontent
_atext
_btxt
336 _2rdacontent
_asounds
_bsnd
337 _aunmediated
_2rdamedia
_bn
337 _aaudio
_2rdamedia
_bs
338 _avolume
_bnc
_2rdacarrier
338 _acomputer disc
_bcd
_2rdacarrier
500 _aIncludes index.
500 _aIncludes glossary.
650 7 _aSurveying.
_912679
_2BUEsh
655 _vReading book
856 4 2 _3Publisher description
_uhttp://www.loc.gov/catdir/description/wiley041/2004268944.html
856 4 2 _3Table of contents
_uhttp://www.loc.gov/catdir/toc/wiley041/2004268944.html
942 _cBB
_2ddc
999 _c1890
_d1890